000 00357nam a22001217a 4500
082 _a380
100 _aState Bank of Pakistan
245 _aImport of Goods and Services
_cState Bank of Pakistan
260 _aKarachi
_bStatistics and Data Warehouse Deptt
_c2010
300 _a387p
942 _2ddc
_cBK
999 _c586151
_d586151